000 00405nam a2200157 i 4500
001 104549
003 ES-MaACL
005 20230906183631.0
007 t|
008 051201s1917 xxk ||||1| spa d
100 1 _aMills, J. Saxon.
_981282
245 1 3 _aLa reunión de los clanes /
_cpor J. Saxon Mills.
250 _aNueva ed.
260 _aLondres :
_b[s.n.],
_c1917.
852 _aES-MaACL
_j1579-F-5
999 _c104549
_d104549